Iskolai egyesületek Amerikában

Elmentve itt :
Bibliográfiai részletek
Szerző: Várnai Sándor
Dokumentumtípus: Cikk
Megjelent: 1909
Sorozat:Magyar pedagógia : a Magyar Tudományos Akadémia Pedagógiai Bizottságának folyóirata 18
Kulcsszavak:Oktatásügy USA, Egyesület iskolai, Iskolai egyesületek, Amerika oktatásügye
Online Access:http://misc.bibl.u-szeged.hu/8550
LEADER 00708nab a2200181 i 4500
001 misc8550
005 20191106143852.0
008 170607s1909 hu o 0|| hun d
022 |a 0025-0260 
040 |a SZTE Miscellanea Repozitórium  |b hun 
041 |a hun 
100 1 |a Várnai Sándor 
245 1 0 |a Iskolai egyesületek Amerikában  |h [elektronikus dokumentum] /  |c  Várnai Sándor 
260 |c 1909 
300 |a 491-495 
490 0 |a Magyar pedagógia : a Magyar Tudományos Akadémia Pedagógiai Bizottságának folyóirata  |v 18 
695 |a Oktatásügy USA, Egyesület iskolai, Iskolai egyesületek, Amerika oktatásügye 
856 4 0 |u http://misc.bibl.u-szeged.hu/8550/1/mp_1909_1416_491-495.pdf  |z Dokumentum-elérés